| 000 | 01874cam a2200313 a 4500 | ||
|---|---|---|---|
| 001 | 1617961 | ||
| 005 | 20210414114135.0 | ||
| 008 | 951211s1996 nyua b 001 0 eng | ||
| 010 | _a 95049544 | ||
| 020 | _a0471119636 (cloth : alk. paper) | ||
| 040 |
_aDLC _cDLC _dDLC |
||
| 050 | 0 | 0 | _aQA351.C45 |
| 082 | 0 | 0 |
_a515/.5 _220 |
| 100 | 1 | _aChang, Shan-chieh. | |
| 245 | 1 | 0 |
_aComputation of special functions. / _cShanjie Zhang, Jianming Jin. |
| 260 |
_aNew York : _bWiley, _cc1996. |
||
| 300 |
_axxvi, 717 p. : _bill. ; _c24 cm. |
||
| 500 | _a"A Wiley-Interscience publication." | ||
| 504 | _aIncludes bibliographical references and indexes. | ||
| 505 | _aContents: Bernoulli and euler numbers -- Orthogonal polynomials -- Gamma, beta and psi functions -- Legendre functions -- Bessel functions -- Modified bessel functions -- Integrals of bessel functions -- Spherical bessel functions -- Kelvin functions -- Airy functions -- Struve functions -- Hypergeometric and confluent hypergeometric functions -- Parabolic cylinder functions -- Methieu functions -- Spheroidal wave functions -- Error function and fresnell integrals -- Cosine and sine integrals -- Elliptic integrals and jacobian elliptic functions -- Exponential integrals -- Appendixes. | ||
| 650 | 0 | _aFunctions, Special. | |
| 700 | 1 |
_aJin, Jian-Ming, _d1962- |
|
| 856 | 4 | 2 |
_3Contributor biographical information _uhttp://www.loc.gov/catdir/bios/wiley041/95049544.html |
| 856 | 4 | 2 |
_3Publisher description _uhttp://www.loc.gov/catdir/description/wiley032/95049544.html |
| 856 | 4 |
_3Table of Contents _uhttp://www.loc.gov/catdir/toc/onix02/95049544.html |
|
| 906 |
_a7 _bcbc _corignew _d1 _eocip _f19 _gy-gencatlg |
||
| 942 |
_2lcc _cBK |
||
| 999 |
_c2261 _d9761 |
||